000 00474nam a2200181Ia 4500
001 11680
005 20260306162845.0
008 260306t1973||||xx |||||||||||||| ||spa||
041 _aESP
082 _a987.006
_bF41
100 _aFernández, Carmelo, 1810-1887
_eAUT
245 0 _aMemorias de Carmelo Fernández y recuerdos de Santa Marta - 1842
260 _c1973
300 _a142 páginas :
_c22 cm.
650 _aGEN
654 _aCHU
942 _cLIB
_dJUS
_fJUS
_2ddc
_n
999 _c11680
_d11680